[Event "DEN-ch sf1"]
[Site "Svendborg"]
[Date "2024.03.29"]
[Round "5"]
[White "Thorsen, Adrian Stenstrop"]
[Black "Loftgaard, Mikkel Vinh"]
[Result "1/2-1/2"]
[WhiteElo "2163"]
[BlackElo "2224"]
[PlyCount "133"]
[EventDate "2024.03.29"]
[EventType "swiss"]
[EventRounds "7"]
[EventCountry "DEN"]
[SourceTitle "CB16_2024"]
[SourceDate "2024.04.17"]
[SourceVersion "1"]
[SourceVersionDate "2024.04.17"]
[SourceQuality "1"]

1. e4 c5 2. Nf3 e6 3. d4 cxd4 4. Nxd4 Nf6 5. Nc3 Nc6 6. Nxc6 bxc6 7. e5 Nd5 8. Ne4 Qc7 9. f4 Qb6 10. c4 Ne3 11. Qd3 Bb4+ 12. Bd2 Ba6 13. Bxb4 Qxb4+ 14. Kf2 Qxb2+ 15. Be2 Nxc4 16. Rab1 Nxe5 17. fxe5 Qxe5 18. Qxa6 Qxe4 19. Bf3 Qd4+ 20. Ke2 Qe5+ 21. Kf2 Qc5+ 22. Ke2 Qc2+ 23. Ke3 Qc5+ 24. Ke2 0-0 25. Qd3 Rab8 26. Rhc1 Qe5+ 27. Kf2 d5 28. g3 Rxb1 29. Qxb1 c5 30. Kg2 Rb8 31. Rxc5 g6 32. Rb5 Rxb5 33. Qxb5 Kg7 34. Qc5 Qb2+ 35. Qf2 Qa3 36. h4 h5 37. Qd2 Qc5 38. Bxh5 e5 39. Bd1 d4 40. Bf3 f6 41. h5 Qc4 42. Qb2 Kh6 43. hxg6 Kxg6 44. g4 d3 45. Qb3 Qxb3 46. axb3 f5 47. Kf2 e4 48. Bg2 d2 49. Ke2 e3 50. Bf3 fxg4 51. Bxg4 Kg5 52. Be6 a5 53. Bc4 Kf4 54. Kd1 Kf3 55. Be2+ Kf2 56. Bh5 Kf1 57. Bg4 Kf2 58. Be2 Kg1 59. Kc2 Kf2 60. Kd3 Ke1 61. Kxe3 d1Q 62. Bxd1 Kxd1 63. Kd3 Kc1 64. Kc3 Kb1 65. Kc4 Kb2 66. Kb5 Kxb3 67. Kxa5 1/2-1/2

[Event "Krakow op-A 34th"]
[Site "Krakow"]
[Date "2024.01.04"]
[Round "9"]
[White "Babiarz, Arkadiusz"]
[Black "Loftgaard, Mikkel Vinh"]
[Result "1/2-1/2"]
[WhiteElo "2129"]
[BlackElo "2322"]
[PlyCount "120"]
[EventDate "2023.12.27"]
[EventType "swiss"]
[EventRounds "9"]
[EventCountry "POL"]
[SourceTitle "CB02_2024"]
[SourceDate "2024.01.10"]
[SourceVersion "1"]
[SourceVersionDate "2024.01.10"]
[SourceQuality "1"]

1. e4 c5 2. Nf3 e6 3. g3 Nc6 4. Bg2 Nf6 5. Qe2 Be7 6. 0-0 0-0 7. Rd1 d5 8. d3 e5 9. exd5 Nxd5 10. c3 Bf6 11. Nbd2 b6 12. Ne4 Be7 13. d4 exd4 14. cxd4 cxd4 15. Nxd4 Nxd4 16. Rxd4 Nf4 17. Bxf4 Qxd4 18. Rd1 Ba6 19. Rxd4 Bxe2 20. Nc3 Bh5 21. Bxa8 Rxa8 22. Rd7 Bf6 23. Kg2 Bg4 24. Rb7 Be6 25. Rb8+ Rxb8 26. Bxb8 a6 27. Kf3 b5 28. Bd6 Bd4 29. a4 Bc4 30. axb5 axb5 31. Nd1 f5 32. b4 Kf7 33. Ne3 Bd3 34. h4 g6 35. Kf4 h6 36. g4 fxg4 37. Nxg4 Ke6 38. Bf8 h5 39. Ne3 Bf6 40. Kg3 Ke5 41. Bc5 Bd8 42. f3 Bc7 43. Kf2 Bd6 44. f4+ Ke6 45. Bxd6 Kxd6 46. Ke1 Ke6 47. Kd2 Be4 48. Kc3 Bf3 49. Kd4 Be2 50. Ke4 Kf6 51. Kd5 Bd3 52. Kd4 Be2 53. Ke4 Ke6 54. Nc2 Kf6 55. Nd4 Bc4 56. Ke3 Bf1 57. Kf3 Bd3 58. Ke3 Bf1 59. Ke4 Bc4 60. Kf3 Bd3 1/2-1/2

[Event "Krakow op-A 34th"]
[Site "Krakow"]
[Date "2024.01.02"]
[Round "7"]
[White "Kazantzoglou, Stefanos"]
[Black "Loftgaard, Mikkel Vinh"]
[Result "1/2-1/2"]
[WhiteElo "2152"]
[BlackElo "2322"]
[PlyCount "148"]
[EventDate "2023.12.27"]
[EventType "swiss"]
[EventRounds "9"]
[EventCountry "POL"]
[SourceTitle "CB02_2024"]
[SourceDate "2024.01.10"]
[SourceVersion "1"]
[SourceVersionDate "2024.01.10"]
[SourceQuality "1"]

1. e4 c5 2. Nc3 e6 3. d4 cxd4 4. Qxd4 Nc6 5. Qe3 Nf6 6. Nf3 d6 7. b3 Be7 8. Bb2 a6 9. h3 Qc7 10. 0-0-0 0-0 11. g4 Nd7 12. h4 b5 13. g5 Qa7 14. Qd2 Nc5 15. Nd4 Bb7 16. Nxc6 Bxc6 17. f3 Rad8 18. Qd4 e5 19. Qg1 Rd7 20. Nd5 Bxd5 21. exd5 Rc7 22. Kb1 a5 23. h5 b4 24. g6 fxg6 25. hxg6 h6 26. Bxe5 a4 27. Bc4 axb3 28. cxb3 Ra8 29. Qg2 Na4 30. Bxg7 Kxg7 31. bxa4 Rxc4 32. Qe2 Qc7 33. Qe6 Bg5 34. Rde1 Rf8 35. a5 Qc8 36. a6 Qxe6 37. Rxe6 Rxf3 38. Rxd6 b3 39. Rb6 bxa2+ 40. Kxa2 Ra4+ 41. Kb1 Rfa3 42. Rd1 Rxa6 43. Rxa6 Rxa6 44. d6 Kxg6 45. d7 Ra8 46. Kc2 Rd8 47. Rd5 h5 48. Kd3 h4 49. Ke2 Rf8 50. Rd3 Kh5 51. Rf3 Rd8 52. Rd3 Kg4 53. Kf2 Bf6 54. Kg2 Ra8 55. Rd5 Ra2+ 56. Kh1 Bd8 57. Rd4+ Kf5 58. Rd1 Ke6 59. Rd3 Ra4 60. Kg2 Ke7 61. Kh3 Bc7 62. Rd5 Kd8 63. Rd3 Bg3 64. Kg2 Ra2+ 65. Kh3 Rh2+ 66. Kg4 Rh1 67. Rd5 Be1 68. Rd1 Rg1+ 69. Kh3 Rf1 70. Kg2 Rf2+ 71. Kg1 Re2 72. Kf1 Rc2 73. Rxe1 h3 74. Kg1 Kxd7 1/2-1/2

[Event "Wch U18"]
[Site "Montesilvano"]
[Date "2023.11.22"]
[Round "9"]
[White "Loftgaard, Mikkel Vinh"]
[Black "Kenbeilov, Timur"]
[Result "0-1"]
[WhiteElo "2225"]
[BlackElo "2044"]
[PlyCount "110"]
[EventDate "2023.11.13"]
[EventType "swiss"]
[EventRounds "11"]
[EventCountry "ITA"]
[SourceTitle "CB48_2023"]
[SourceDate "2023.11.29"]
[SourceVersion "1"]
[SourceVersionDate "2023.11.29"]
[SourceQuality "1"]

1. e4 c5 2. c3 Nf6 3. e5 Nd5 4. d4 cxd4 5. Nf3 d6 6. cxd4 Nc6 7. Bc4 Nb6 8. Bb5 dxe5 9. Nxe5 Bd7 10. Bxc6 Bxc6 11. 0-0 e6 12. Nc3 Be7 13. Qg4 Bf6 14. Re1 h5 15. Qe2 Qxd4 16. Nxc6 bxc6 17. Be3 Qc4 18. Qf3 Bxc3 19. bxc3 Qd5 20. Qg3 h4 21. Qxg7 0-0-0 22. Bxb6 Rhg8 23. c4 Qf3 24. gxf3 Rxg7+ 25. Kf1 axb6 26. Re4 h3 27. Rh4 Rg5 28. Rxh3 Rd4 29. Rc1 Rc5 30. Rh7 Rf4 31. h4 Rxf3 32. Kg2 Rf6 33. h5 Rg5+ 34. Kf1 Kc7 35. Rc3 Rgf5 36. Rc2 Kd6 37. Rh8 Kc5 38. Kg2 Rg5+ 39. Kh3 Rf4 40. Rh7 Rf3+ 41. Kh4 Rg2 42. h6 Rh2+ 43. Kg4 Rf6 44. Kg5 Rg6+ 45. Kf4 Rh4+ 46. Ke5 Rh5+ 47. Ke4 Rf6 48. Rh8 Rh4+ 49. Ke3 Rh3+ 50. Ke4 Rh4+ 51. Ke3 Rhxh6 52. Rb8 Rh3+ 53. Ke4 Rhf3 54. Rb2 R6f4+ 55. Ke5 Rxc4 0-1

[Event "Wch U18"]
[Site "Montesilvano"]
[Date "2023.11.17"]
[Round "5"]
[White "Loftgaard, Mikkel Vinh"]
[Black "Arun, Kataria"]
[Result "1-0"]
[WhiteElo "2225"]
[BlackElo "2034"]
[PlyCount "49"]
[EventDate "2023.11.13"]
[EventType "swiss"]
[EventRounds "11"]
[EventCountry "ITA"]
[SourceTitle "CB48_2023"]
[SourceDate "2023.11.29"]
[SourceVersion "1"]
[SourceVersionDate "2023.11.29"]
[SourceQuality "1"]

1. e4 c5 2. c3 Nf6 3. e5 Nd5 4. d4 cxd4 5. Nf3 d6 6. cxd4 Nc6 7. Bc4 dxe5 8. dxe5 Nb6 9. Qxd8+ Nxd8 10. Bb3 Be6 11. Nc3 a6 12. 0-0 g6 13. Nd4 Bc4 14. Rd1 Bg7 15. f4 Rc8 16. Be3 Nd7 17. Rac1 Bxb3 18. axb3 f6 19. Nd5 Rxc1 20. Bxc1 fxe5 21. Nc7+ Kf7 22. Nf3 Ne6 23. Rxd7 Rc8 24. Ng5+ Nxg5 25. fxg5 1-0

[Event "Wch U18"]
[Site "Montesilvano"]
[Date "2023.11.14"]
[Round "2"]
[White "Loftgaard, Mikkel Vinh"]
[Black "Novosel, Lovro"]
[Result "1-0"]
[WhiteElo "2225"]
[BlackElo "2375"]
[PlyCount "239"]
[EventDate "2023.11.13"]
[EventType "swiss"]
[EventRounds "11"]
[EventCountry "ITA"]
[SourceTitle "CB48_2023"]
[SourceDate "2023.11.29"]
[SourceVersion "1"]
[SourceVersionDate "2023.11.29"]
[SourceQuality "1"]

1. e4 c5 2. Nf3 d6 3. Bb5+ Nd7 4. d4 cxd4 5. Qxd4 a6 6. Bxd7+ Bxd7 7. 0-0 e5 8. Qd3 Rc8 9. Nc3 h6 10. a4 Nf6 11. Be3 Be7 12. Nd2 Qc7 13. Rfd1 0-0 14. a5 Be6 15. Bb6 Qc6 16. Nf1 Nd7 17. Ne3 Nxb6 18. axb6 Rfe8 19. Ncd5 Bd8 20. Nc7 Bxc7 21. bxc7 Qxc7 22. Qxd6 Qxd6 23. Rxd6 Red8 24. Rxd8+ Rxd8 25. Rd1 Rc8 26. g3 f6 27. f4 exf4 28. gxf4 Kf8 29. f5 Bf7 30. Rd7 Re8 31. Rxb7 Rxe4 32. Kf2 Bh5 33. Rb8+ Kf7 34. Rb7+ Kf8 35. c4 Rf4+ 36. Kg2 Rf3 37. Rb3 Ke8 38. Rd3 Rf4 39. c5 Be2 40. Rc3 Bb5 41. c6 Rb4 42. c7 Rxb2+ 43. Kg3 Bd7 44. c8Q+ Bxc8 45. Rxc8+ Kf7 46. Rc7+ Kf8 47. Nd5 Rb5 48. Ne7 Ke8 49. Kg4 h5+ 50. Kf4 Rb4+ 51. Kg3 Rb5 52. h4 a5 53. Ng6 a4 54. Rxg7 Ra5 55. Re7+ Kd8 56. Re2 Rxf5 57. Nf4 Rb5 58. Ne6+ Kd7 59. Nd4 Rd5 60. Nf3 a3 61. Kf4 Ra5 62. Ra2 Kd6 63. Ne1 Ra4+ 64. Kg3 Ke5 65. Nc2 Rg4+ 66. Kh3 Rc4 67. Nxa3 Rc3+ 68. Kg2 Kf4 69. Nb5 Rg3+ 70. Kh2 Rg4 71. Ra4+ Kf3 72. Ra3+ Kf4 73. Kh3 Rg1 74. Ra4+ Ke3 75. Nd4 Rf1 76. Nc2+ Kf3 77. Ra3+ Kf4 78. Kg2 Rb1 79. Ra4+ Kf5 80. Ne3+ Kg6 81. Nf1 Rb5 82. Ng3 Rb2+ 83. Kh3 Rb3 84. Rf4 Ra3 85. Kg2 Ra2+ 86. Rf2 Ra4 87. Nf5 Rg4+ 88. Kh3 Re4 89. Rf3 Re5 90. Ne3 Ra5 91. Ng2 Rb5 92. Nf4+ Kf7 93. Ra3 Kg7 94. Ra7+ Kg8 95. Ne2 Rb3+ 96. Ng3 Rb5 97. Rd7 Ra5 98. Re7 Rb5 99. Kg2 Rb4 100. Re4 Rb5 101. Rf4 Kg7 102. Rf5 Rb4 103. Rxh5 Kg6 104. Kh3 Rb3 105. Ra5 Rc3 106. h5+ Kh6 107. Rf5 Rc6 108. Kg4 Rc4+ 109. Rf4 Rc6 110. Nf5+ Kh7 111. Ra4 Rc7 112. Nd6 Rg7+ 113. Kh4 Rd7 114. Ne8 Rd1 115. Nxf6+ Kg7 116. Ng4 Rd7 117. Ra5 Rb7 118. Kg5 Kh7 119. Nf6+ Kh8 120. Ra8+ 1-0

[Event "Copenhagen CC IM"]
[Site "Ballerup"]
[Date "2023.08.26"]
[Round "6"]
[White "Loftgaard, Mikkel Vinh"]
[Black "Sahl, Bjarke"]
[Result "0-1"]
[WhiteElo "2187"]
[BlackElo "2226"]
[PlyCount "78"]
[EventDate "2023.08.23"]
[EventType "tourn"]
[EventRounds "9"]
[EventCountry "DEN"]
[EventCategory "3"]
[SourceTitle "EXT 2024"]
[Source "ChessBase"]
[SourceDate "2023.10.10"]
[SourceVersion "1"]
[SourceVersionDate "2023.10.10"]
[SourceQuality "1"]

1. e4 c5 2. Nf3 d6 3. Bb5+ Bd7 4. Bxd7+ Nxd7 5. 0-0 Ngf6 6. Qe2 e5 7. c3 Be7 8. d4 0-0 9. Bg5 Nh5 10. Be3 Nhf6 11. Rd1 exd4 12. cxd4 Nxe4 13. Nbd2 Nef6 14. dxc5 dxc5 15. Nc4 Qc7 16. Nh4 Rfe8 17. Nf5 Bf8 18. Qf3 Re6 19. Bf4 Qc6 20. Qxc6 Rxc6 21. Bd6 b6 22. Rd3 g6 23. Bxf8 Kxf8 24. Nfd6 Rb8 25. a4 a6 26. Rad1 b5 27. Na5 Rcb6 28. f4 c4 29. Rd4 Nc5 30. R1d2 Ne6 31. axb5 axb5 32. Kf2 Nxd4 33. Rxd4 Rd8 34. Ndxc4 Rxd4 35. Nxb6 Rxf4+ 36. Ke3 Rb4 37. b3 Ng4+ 38. Kd3 Nxh2 39. Nd7+ Kg7 0-1

[Event "Copenhagen CC IM"]
[Site "Ballerup"]
[Date "2023.08.25"]
[Round "4"]
[White "Loftgaard, Mikkel Vinh"]
[Black "Heimisson, Hilmir Freyr"]
[Result "0-1"]
[WhiteElo "2187"]
[BlackElo "2382"]
[PlyCount "174"]
[EventDate "2023.08.23"]
[EventType "tourn"]
[EventRounds "9"]
[EventCountry "DEN"]
[EventCategory "3"]
[SourceTitle "EXT 2024"]
[Source "ChessBase"]
[SourceDate "2023.10.10"]
[SourceVersion "1"]
[SourceVersionDate "2023.10.10"]
[SourceQuality "1"]

1. e4 c5 2. Nf3 d6 3. Bb5+ Nd7 4. d4 cxd4 5. Qxd4 a6 6. Bxd7+ Bxd7 7. 0-0 e5 8. Qd3 Rc8 9. Rd1 h6 10. Nc3 Nf6 11. Be3 Qc7 12. Nd2 Be7 13. Rac1 Be6 14. Nd5 Bxd5 15. exd5 Ng4 16. c4 0-0 17. b4 f5 18. f3 Nxe3 19. Qxe3 Bg5 20. Qf2 a5 21. a3 axb4 22. axb4 Ra8 23. c5 Ra2 24. h4 Bf4 25. g3 Bxd2 26. Rxd2 Ra3 27. Ra2 Rd3 28. Rd2 Rb3 29. Rb2 Rd3 30. Rd2 Ra3 31. Ra2 Rb3 32. Rb2 Rxb2 33. Qxb2 f4 34. g4 e4 35. Qe2 e3 36. Kg2 dxc5 37. bxc5 Qd8 38. c6 Qxd5 39. c7 Qe6 40. Qc4 Qxc4 41. Rxc4 Rc8 42. g5 hxg5 43. hxg5 Kh7 44. Kh3 b5 45. Rc2 b4 46. Kg4 b3 47. Rb2 Rxc7 48. Rxb3 Rf7 49. Kh3 Rf5 50. Kg4 Rf7 51. Rb4 g6 52. Re4 Kg7 53. Kh3 Rf5 54. Kg4 Kf8 55. Kh4 Rf7 56. Ra4 Ke7 57. Ra6 Kd7 58. Kg4 Kc7 59. Ra7+ Kd6 60. Rxf7 e2 61. Rf6+ Kd5 62. Rxg6 e1Q 63. Kxf4 Qh4+ 64. Kf5 Qh7 65. f4 Qd7+ 66. Kf6 Ke4 67. Rg8 Kxf4 68. Kg6 Qd3+ 69. Kh6 Qh3+ 70. Kg6 Qf5+ 71. Kh6 Qf7 72. Rg7 Qf8 73. Kg6 Kg4 74. Kh6 Qd6+ 75. Kh7 Kf5 76. Kg8 Qe6+ 77. Kh7 Qe8 78. g6 Kg5 79. Rf7 Qe4 80. Rg7 Qh1+ 81. Kg8 Kf6 82. Ra7 Qd5+ 83. Kh7 Qh5+ 84. Kg8 Qxg6+ 85. Kh8 Qh5+ 86. Kg8 Qd5+ 87. Kh7 Qh1+ 0-1

[Event "Copenhagen CC IM"]
[Site "Ballerup"]
[Date "2023.08.23"]
[Round "1"]
[White "Nielsen, Viktor Haarmark"]
[Black "Loftgaard, Mikkel Vinh"]
[Result "1-0"]
[WhiteElo "2345"]
[BlackElo "2187"]
[PlyCount "121"]
[EventDate "2023.08.23"]
[EventType "tourn"]
[EventRounds "9"]
[EventCountry "DEN"]
[EventCategory "3"]
[SourceTitle "EXT 2024"]
[Source "ChessBase"]
[SourceDate "2023.10.10"]
[SourceVersion "1"]
[SourceVersionDate "2023.10.10"]
[SourceQuality "1"]

1. d4 Nf6 2. c4 e6 3. Nf3 d5 4. g3 Be7 5. Bg2 0-0 6. Nc3 dxc4 7. Ne5 Nc6 8. Bxc6 bxc6 9. Nxc6 Qd6 10. Qa4 Bb7 11. Nxe7+ Qxe7 12. f3 c5 13. Qa3 Rac8 14. dxc5 Qxc5 15. Qxc5 Rxc5 16. Be3 Ra5 17. Kf2 Nd5 18. Nxd5 Bxd5 19. Bd4 f5 20. Rhg1 Rf7 21. Bc3 Ra6 22. g4 f4 23. g5 Rf5 24. h4 Kf7 25. Rad1 Rd6 26. h5 e5 27. g6+ hxg6 28. Rxg6 Rxg6 29. hxg6+ Ke6 30. Rh1 Kf6 31. Rh8 Kxg6 32. Rd8 e4 33. Rd6+ Kf7 34. fxe4 Bxe4 35. Rd7+ Ke6 36. Rxg7 Rf7 37. Rg5 Kd6 38. Ra5 f3 39. Bd4 fxe2+ 40. Kxe2 Bd3+ 41. Kd2 a6 42. Rxa6+ Kd5 43. Kc3 Rh7 44. Ra5+ Kd6 45. b3 cxb3 46. Kxd3 Rh3+ 47. Kc4 bxa2 48. Rxa2 Rh5 49. Ra6+ Ke7 50. Kd3 Rh3+ 51. Ke4 Kf7 52. Rf6+ Ke7 53. Kd5 Rb3 54. Rf1 Rd3 55. Rg1 Kf8 56. Rg4 Rd1 57. Ke6 Re1+ 58. Be5 Re2 59. Rh4 Rg2 60. Ra4 Kg8 61. Ra8+ 1-0

[Event "Copenhagen Obro CXU op"]
[Site "Copenhagen"]
[Date "2023.07.27"]
[Round "5"]
[White "Loftgaard, Mikkel Vinh"]
[Black "Hacker, Jonas"]
[Result "1/2-1/2"]
[WhiteElo "2214"]
[BlackElo "2406"]
[PlyCount "67"]
[EventDate "2023.07.24"]
[EventType "swiss"]
[EventRounds "9"]
[EventCountry "DEN"]
[SourceTitle "CBM 215 Extra"]
[Source "ChessBase"]
[SourceDate "2023.09.30"]
[SourceVersion "1"]
[SourceVersionDate "2023.09.30"]
[SourceQuality "1"]

1. e4 c5 2. Nf3 e6 3. c3 Nf6 4. e5 Nd5 5. d4 cxd4 6. cxd4 d6 7. Bc4 Be7 8. 0-0 0-0 9. Qe2 b6 10. Nc3 Nxc3 11. bxc3 Bb7 12. Bf4 Nc6 13. Rfd1 dxe5 14. dxe5 Qc7 15. Bd3 Rfd8 16. Rd2 Na5 17. Rad1 Bxf3 18. Qxf3 g6 19. g3 Rac8 20. Bb5 Rxd2 21. Rxd2 Rd8 22. Rxd8+ Qxd8 23. Be3 Kg7 24. h4 h5 25. Qf4 Kg8 26. Kh2 Qc7 27. Qe4 Qb7 28. Qf4 Qc7 29. Qe4 Qb7 30. Qf4 Qc8 31. Qf3 Kg7 32. Kg1 Qb7 33. Qf4 Kg8 34. Kh2 1/2-1/2

[Event "Copenhagen Obro CXU op"]
[Site "Copenhagen"]
[Date "2023.07.27"]
[Round "6"]
[White "Westrum, Kim Roger Hansen"]
[Black "Loftgaard, Mikkel Vinh"]
[Result "1-0"]
[WhiteElo "2106"]
[BlackElo "2214"]
[PlyCount "71"]
[EventDate "2023.07.24"]
[EventType "swiss"]
[EventRounds "9"]
[EventCountry "DEN"]
[SourceTitle "CBM 215 Extra"]
[Source "ChessBase"]
[SourceDate "2023.09.30"]
[SourceVersion "1"]
[SourceVersionDate "2023.09.30"]
[SourceQuality "1"]

1. e4 c5 2. Nf3 d6 3. d4 cxd4 4. Nxd4 Nf6 5. Nc3 a6 6. h4 e5 7. Nb3 Be6 8. Be2 Be7 9. f4 b5 10. g4 b4 11. Nd5 Bxd5 12. exd5 Ne4 13. g5 Qb6 14. Rf1 Ng3 15. Rf2 Ne4 16. Rf1 Ng3 17. Rf2 h6 18. fxe5 hxg5 19. Qd3 Nxe2 20. Qxe2 Rxh4 21. exd6 Rh1+ 22. Rf1 Rxf1+ 23. Kxf1 Qxd6 24. Bxg5 Kf8 25. Re1 f6 26. Qf3 Nd7 27. Bf4 Qb6 28. d6 Qb5+ 29. Kg2 Rc8 30. dxe7+ Ke8 31. Nd4 Qc5 32. Qe4 Qh5 33. Qf5 g5 34. Ne6 Kf7 35. Nd8+ Kg7 36. e8Q 1-0

[Event "Copenhagen Obro CXU op"]
[Site "Copenhagen"]
[Date "2023.07.24"]
[Round "1"]
[White "Loftgaard, Mikkel Vinh"]
[Black "Chatalbashev, Boris"]
[Result "0-1"]
[WhiteElo "2214"]
[BlackElo "2493"]
[PlyCount "52"]
[EventDate "2023.07.24"]
[EventType "swiss"]
[EventRounds "9"]
[EventCountry "DEN"]
[SourceTitle "CBM 215 Extra"]
[Source "ChessBase"]
[SourceDate "2023.09.30"]
[SourceVersion "1"]
[SourceVersionDate "2023.09.30"]
[SourceQuality "1"]

1. e4 g6 2. d4 Bg7 3. Nc3 d6 4. Be3 a6 5. h4 h5 6. a4 Nf6 7. Qd2 b6 8. Bc4 Bb7 9. f3 d5 10. exd5 Nxd5 11. Nxd5 Bxd5 12. Bxd5 Qxd5 13. Nh3 Nc6 14. c3 Na5 15. Qe2 Qc4 16. Nf4 0-0-0 17. 0-0 e5 18. dxe5 Bxe5 19. Rf2 Rhe8 20. Raf1 Bd6 21. g3 Qxe2 22. Rxe2 Rxe3 23. Rxe3 Bc5 24. Rfe1 Nc4 25. Ng2 Nxb2 26. a5 Nc4 0-1

[Event "Norway Chess op"]
[Site "Stavanger"]
[Date "2023.05.31"]
[Round "7"]
[White "Loftgaard, Mikkel Vinh"]
[Black "Savitha Shri, B."]
[Result "0-1"]
[WhiteElo "2258"]
[BlackElo "2418"]
[PlyCount "86"]
[EventDate "2023.05.27"]
[EventType "swiss"]
[EventRounds "10"]
[EventCountry "NOR"]
[SourceTitle "CBM 214 Extra"]
[Source "ChessBase"]
[SourceDate "2023.07.31"]
[SourceVersion "1"]
[SourceVersionDate "2023.07.31"]
[SourceQuality "1"]

1. e4 c5 2. c3 Nf6 3. e5 Nd5 4. d4 cxd4 5. Nf3 e6 6. cxd4 d6 7. Bc4 Nb6 8. Bd3 Nc6 9. a3 Qc7 10. Qc2 Bd7 11. 0-0 Rc8 12. Qe2 Nxd4 13. Nxd4 Qxc1 14. Nc3 Qf4 15. Nf3 d5 16. Bb5 a6 17. Bxd7+ Nxd7 18. Rac1 Bc5 19. g3 Qh6 20. b4 Bb6 21. h4 0-0 22. Ng5 Qg6 23. Kg2 h6 24. Nh3 Bd4 25. Na2 Bxe5 26. f4 Bb8 27. Nc3 Nf6 28. b5 d4 29. Na4 d3 30. Qf3 axb5 31. f5 exf5 32. Nb2 d2 33. Rcd1 Ne4 34. Nf4 Bxf4 35. Qxf4 Rc3 36. Rf3 Rxf3 37. Qxf3 Rd8 38. Nd3 Qg4 39. Ne5 Qxf3+ 40. Nxf3 Rd3 41. g4 fxg4 42. Ne5 Rd5 43. Nxg4 Nc3 0-1

[Event "Norway Chess op"]
[Site "Stavanger"]
[Date "2023.05.29"]
[Round "5"]
[White "Loftgaard, Mikkel Vinh"]
[Black "Wallace, John Paul"]
[Result "0-1"]
[WhiteElo "2258"]
[BlackElo "2370"]
[PlyCount "60"]
[EventDate "2023.05.27"]
[EventType "swiss"]
[EventRounds "10"]
[EventCountry "NOR"]
[SourceTitle "CBM 214 Extra"]
[Source "ChessBase"]
[SourceDate "2023.07.31"]
[SourceVersion "1"]
[SourceVersionDate "2023.07.31"]
[SourceQuality "1"]

1. e4 c5 2. Nf3 d6 3. Bb5+ Bd7 4. Bxd7+ Qxd7 5. 0-0 Nc6 6. c3 Nf6 7. Re1 e6 8. d4 cxd4 9. cxd4 d5 10. e5 Ne4 11. Nbd2 Nxd2 12. Bxd2 Be7 13. Rc1 0-0 14. a3 Rfc8 15. Qe2 Qd8 16. Qd3 Qb6 17. b4 a6 18. h4 Qb5 19. Qb3 Na5 20. Qa2 Nc4 21. Bg5 Bf8 22. Nd2 a5 23. a4 axb4 24. Ra1 Qa6 25. Rec1 Na3 26. Qb3 Rc6 27. Qg3 Nc2 28. Rxc2 Rxc2 29. h5 Rc3 30. Nf3 Qd3 0-1

[Event "Norway Chess op"]
[Site "Stavanger"]
[Date "2023.05.28"]
[Round "3"]
[White "Loftgaard, Mikkel Vinh"]
[Black "Galperin, Platon"]
[Result "0-1"]
[WhiteElo "2258"]
[BlackElo "2528"]
[PlyCount "98"]
[EventDate "2023.05.27"]
[EventType "swiss"]
[EventRounds "10"]
[EventCountry "NOR"]
[SourceTitle "CBM 214 Extra"]
[Source "ChessBase"]
[SourceDate "2023.07.31"]
[SourceVersion "1"]
[SourceVersionDate "2023.07.31"]
[SourceQuality "1"]

1. e4 g6 2. d4 d6 3. Nc3 Bg7 4. Be3 a6 5. h4 h5 6. a4 Nf6 7. f3 Nc6 8. Be2 e5 9. dxe5 Nxe5 10. Nh3 0-0 11. Qd2 b6 12. Nf4 Bb7 13. g3 Re8 14. 0-0 Qd7 15. Kh2 Rad8 16. Rad1 d5 17. Nfxd5 Nxd5 18. exd5 Qf5 19. Bf4 c6 20. Bd3 Qd7 21. Bg5 Nxd3 22. Qxd3 Bc8 23. Kg1 Qh3 24. Bf4 Bxc3 25. Qxc3 Re2 26. Rf2 Rxf2 27. Kxf2 Qh2+ 28. Ke3 Re8+ 29. Kd4 Bf5 30. Rd2 Qh1 31. Kc4 cxd5+ 32. Kb3 d4 33. Qxd4 Be6+ 34. Ka3 Qa1+ 35. Kb4 a5+ 36. Kb5 Qf1+ 37. Kxb6 Qxf3 38. Kxa5 Qb7 39. Qd8 Rxd8 40. Rxd8+ Kg7 41. Rb8 Qc6 42. b4 Qxc2 43. b5 Qe4 44. b6 Bd7 45. b7 Qxa4+ 46. Kb6 Qc6+ 47. Ka7 Qc5+ 48. Ka6 Qb5+ 49. Ka7 Qa5# 0-1

[Event "Fredericia"]
[Site "Fredericia"]
[Date "2023.05.20"]
[Round "6"]
[White "Toktomushev, Teimur"]
[Black "Loftgaard, Mikkel Vinh"]
[Result "1/2-1/2"]
[WhiteElo "2239"]
[BlackElo "2258"]
[PlyCount "62"]
[EventDate "2023.05.17"]
[EventType "tourn"]
[EventRounds "9"]
[EventCountry "DEN"]
[EventCategory "3"]
[SourceTitle "CBM 214 Extra"]
[Source "ChessBase"]
[SourceDate "2023.07.31"]
[SourceVersion "1"]
[SourceVersionDate "2023.07.31"]
[SourceQuality "1"]

1. d4 Nf6 2. c4 e6 3. Nf3 d5 4. Nc3 Bb4 5. Qa4+ Nc6 6. e3 0-0 7. Qc2 dxc4 8. Bxc4 Na5 9. Bd3 b6 10. Bd2 c5 11. dxc5 bxc5 12. a3 c4 13. Bxh7+ Nxh7 14. axb4 Nb3 15. Rd1 Bb7 16. e4 Qb6 17. b5 f5 18. Be3 Qc7 19. 0-0 Nf6 20. b6 Qe7 21. Nb5 fxe4 22. Ne5 Qe8 23. Nd6 Qh5 24. Nxb7 Qxe5 25. h3 axb6 26. Qxc4 Na5 27. Nxa5 bxa5 28. Bd4 Qf5 29. Bxf6 Rxf6 30. Rde1 Rb8 31. Rxe4 Rxb2 1/2-1/2

[Event "Fredericia"]
[Site "Fredericia"]
[Date "2023.05.19"]
[Round "4"]
[White "Fries Nielsen, Jens Ove"]
[Black "Loftgaard, Mikkel Vinh"]
[Result "1/2-1/2"]
[WhiteElo "2377"]
[BlackElo "2258"]
[PlyCount "61"]
[EventDate "2023.05.17"]
[EventType "tourn"]
[EventRounds "9"]
[EventCountry "DEN"]
[EventCategory "3"]
[SourceTitle "CBM 214 Extra"]
[Source "ChessBase"]
[SourceDate "2023.07.31"]
[SourceVersion "1"]
[SourceVersionDate "2023.07.31"]
[SourceQuality "1"]

1. d4 Nf6 2. Nd2 d5 3. Nb3 Bf5 4. Nf3 e6 5. Nh4 Be4 6. f3 Bg6 7. g3 Nbd7 8. Bg2 c5 9. Nxg6 hxg6 10. e4 cxd4 11. Qxd4 Qc7 12. exd5 Nxd5 13. 0-0 Nc5 14. f4 Nxb3 15. Qa4+ Qc6 16. Qxc6+ bxc6 17. axb3 Bc5+ 18. Kh1 Ke7 19. Bd2 Nf6 20. Bf3 Rab8 21. b4 Rhd8 22. Bc3 Bxb4 23. Be5 Bd6 24. Rxa7+ Rd7 25. Bxd6+ Kxd6 26. Rd1+ Nd5 27. Rxd7+ Kxd7 28. c4 Rxb2 29. cxd5 exd5 30. Bxd5 cxd5 31. Rxd5+ 1/2-1/2

[Event "DEN-ch cand"]
[Site "Svendborg"]
[Date "2023.04.05"]
[Round "4"]
[White "Loftgaard, Mikkel Vinh"]
[Black "Meskenas, Paulius"]
[Result "1/2-1/2"]
[WhiteElo "2244"]
[BlackElo "2216"]
[PlyCount "47"]
[EventDate "2023.04.05"]
[EventType "swiss"]
[EventRounds "7"]
[EventCountry "DEN"]
[SourceTitle "CBM 213 Extra"]
[Source "ChessBase"]
[SourceDate "2023.05.31"]
[SourceVersion "1"]
[SourceVersionDate "2023.05.31"]
[SourceQuality "1"]

1. e4 e5 2. Nf3 Nc6 3. Bc4 Bc5 4. c3 Nf6 5. d3 d6 6. 0-0 0-0 7. b4 Bb6 8. Re1 Ne7 9. Nbd2 Ng6 10. a4 a5 11. Bb3 axb4 12. cxb4 Ng4 13. Rf1 c6 14. Nc4 Bc7 15. Bg5 Nf6 16. Re1 h6 17. Bd2 Nh5 18. Nfxe5 dxe5 19. Qxh5 Qd7 20. d4 Qxd4 21. Re2 Qd3 22. Re3 Qd8 23. g3 Kh7 24. Rd1 1/2-1/2

[Event "Copenhagen Obro New Year op"]
[Site "Copenhagen"]
[Date "2022.12.30"]
[Round "7"]
[White "Loftgaard, Mikkel Vinh"]
[Black "Kistrup, Nicolai"]
[Result "0-1"]
[WhiteElo "2130"]
[BlackElo "2290"]
[PlyCount "80"]
[EventDate "2022.12.27"]
[EventType "swiss"]
[EventRounds "7"]
[EventCountry "DEN"]
[SourceTitle "CBM 211 Extra"]
[Source "ChessBase"]
[SourceDate "2023.01.31"]
[SourceVersion "1"]
[SourceVersionDate "2023.01.31"]
[SourceQuality "1"]

1. e4 e5 2. Nf3 Nc6 3. d4 exd4 4. Nxd4 Nf6 5. Nxc6 bxc6 6. e5 Qe7 7. Qe2 Nd5 8. h4 Qe6 9. c4 Nb6 10. g3 d6 11. exd6 Bxd6 12. Be3 Bb4+ 13. Bd2 a5 14. Bg2 Qxe2+ 15. Kxe2 Bg4+ 16. f3 Bf5 17. b3 0-0-0 18. Be3 Rhe8 19. Kf2 Rd3 20. a3 Rdxe3 21. axb4 Re2+ 22. Kg1 axb4 23. Kh2 Rb2 24. g4 Ree2 25. gxf5 Rxg2+ 26. Kh3 Rge2 27. Rg1 g6 28. fxg6 hxg6 29. h5 gxh5 30. Kh4 Rxb3 31. c5 Nd5 32. Rg8+ Kd7 33. Raa8 Rxb1 34. Rad8+ Ke6 35. Rge8+ Ne7 36. Rc8 Kf6 37. Kg3 Rg1+ 38. Kh3 Rh1+ 39. Kg3 Nf5+ 40. Kf4 Rh4# 0-1